[Event "Michigan Action"]
[Site "Detroit, MI"]
[Date "1999.12.18"]
[Round "4"]
[White "Mailing, Ian"]
[Black "Sanborn, Richard"]
[Result "1-0"]
[WhiteElo "2115"]
[BlackElo "1734"]
[PlyCount "75"]
[EventDate "1999.12.18"]

1. d4 d5 2. c4 c6 3. Nc3 e6 4. Nf3 Bd6 5. Bg5 Nf6 6. e3 O-O 7. c5 Be7 8. Bd3 h6
9. Bh4 Nbd7 10. O-O Nh5 11. Bxe7 Qxe7 12. Ne5 Nxe5 13. dxe5 g6 14. b4 f5 15. f4
Qh4 16. Rf3 Kh7 17. Rh3 Qe7 18. Ne2 Bd7 19. Nd4 a6 20. a4 Qf7 21. Kh1 Be8 22.
Qe2 Rg8 23. Rb1 g5 24. g4 Ng7 25. fxg5 h5 26. Rf1 Qg6 27. gxf5 Qxg5 28. Rg1 Qh6
29. f6+ Nf5 30. Nxe6 Rxg1+ 31. Kxg1 Bg6 32. Bxf5 Bxf5 33. Rxh5 Bxe6 34. Qd3+
Bf5 35. Qxf5+ Kg8 36. Rxh6 Re8 37. Qg6+ Kf8 38. Rh8# 1-0

[Event "Michigan Action"]
[Site "Detroit, MI"]
[Date "1999.12.18"]
[Round "2"]
[White "Mailing, Don"]
[Black "Williams, Christopher"]
[Result "1-0"]
[WhiteElo "1295"]
[BlackElo "792"]
[PlyCount "111"]
[EventDate "1999.12.18"]

1. d4 c5 2. d5 d6 3. c4 Bf5 4. Nc3 Nf6 5. Nf3 Nbd7 6. b3 g6 7. h3 Bg7 8. Bb2
Qa5 9. Qd2 O-O-O 10. g4 Nxg4 11. hxg4 Bxg4 12. Nd1 Qxd2+ 13. Nxd2 Bxb2 14. Nxb2
Ne5 15. Bh3 h5 16. f3 Bxh3 17. Rxh3 g5 18. Nd3 Nxd3+ 19. exd3 f5 20. O-O-O Rde8
21. Rdh1 h4 22. Nf1 f4 23. Nh2 e6 24. dxe6 Rxe6 25. Kd2 a5 26. Ng4 b6 27. Re1
Rg6 28. Rh2 Kc7 29. Rhe2 Kc6 30. Kc3 Rg7 31. d4 cxd4+ 32. Kxd4 Rgh7 33. Re6 h3
34. Nf2 Rg7 35. Rh1 Kd7 36. Re2 Rh5 37. Ng4 Rg8 38. Nf6+ Kc6 39. Nxg8 b5 40.
Nf6 Rh6 41. Ng4 Rh7 42. cxb5+ Kxb5 43. Kd5 Kb4 44. Rb1 Kb5 45. a4+ Kb6 46. b4
Ka6 47. b5+ Kb6 48. Rc1 Rc7 49. Rxc7 Kxc7 50. Rc2+ Kb6 51. Rc6+ Kb7 52. Kxd6 h2
53. Nxh2 g4 54. Nxg4 Ka7 55. Kc7 Ka8 56. Ra6# 1-0

[Event "Michigan Action"]
[Site "Detroit, MI"]
[Date "1999.12.18"]
[Round "5"]
[White "Mailing, Don"]
[Black "McFolley, Tyrone"]
[Result "1-0"]
[WhiteElo "1295"]
[BlackElo "893"]
[PlyCount "63"]
[EventDate "1999.12.18"]

1. d4 Nf6 2. c4 e6 3. Nc3 d6 4. Nf3 Be7 5. Bg5 h6 6. Bh4 O-O 7. e3 c5 8. Bd3
Nc6 9. O-O cxd4 10. exd4 Nb4 11. Bb1 a6 12. a3 Nc6 13. Qc2 g6 14. Re1 Qb6 15.
Na4 Qc7 16. Bxf6 Bxf6 17. d5 exd5 18. cxd5 b5 19. Nc3 Nd4 20. Qd3 Nxf3+ 21.
Qxf3 Bxc3 22. bxc3 Bb7 23. Ba2 Rfe8 24. Re3 Rxe3 25. Qxe3 Kh7 26. h3 Rc8 27.
Rc1 a5 28. Qd4 Qc5 29. Qd3 Qxa3 30. Qc2 Qc5 31. h4 b4 32. Qb3 $138 1-0

[Event "Michigan Action"]
[Site "Detroit, MI"]
[Date "1999.12.18"]
[Round "1"]
[White "Mailing, Don"]
[Black "Coleman, Kareem"]
[Result "0-1"]
[WhiteElo "1295"]
[BlackElo "567"]
[PlyCount "74"]
[EventDate "1999.12.18"]

1. e4 c6 2. Nf3 d6 3. d4 Nf6 4. Nc3 Bg4 5. Be2 Bxf3 6. Bxf3 g6 7. O-O Bg7 8. e5
dxe5 9. dxe5 Nh5 10. Qxd8+ Kxd8 11. Re1 Nd7 12. Bxh5 gxh5 13. Bf4 Ke8 14. Rad1
Rg8 15. Rd3 Nc5 16. Rg3 Rd8 17. Bh6 Ne6 18. Ne4 Kf8 19. f4 Bxh6 20. Rxg8+ Kxg8
21. f5 Nd4 22. h3 Nxc2 23. Re2 Rd1+ 24. Kh2 Bf4+ 25. g3 Nd4 26. Rf2 Be3 27. Nc3
Re1 28. Re2 Nxe2 29. Nxe2 Rxe2+ 30. Kh1 b5 31. g4 Rxb2 32. a3 Ra2 33. gxh5 c5
34. h4 c4 35. f6 exf6 36. a4 c3 37. axb5 c2 0-1

[Event "Kalamazoo December Mini-Swiss.3"]
[Site "Kalamazoo, MI"]
[Date "1999.12.18"]
[Round "2"]
[White "Krzyston, Joe"]
[Black "Babcock, John"]
[Result "0-1"]
[WhiteElo "862"]
[BlackElo "950"]
[PlyCount "66"]
[EventDate "1999.12.18"]

1. e4 e6 2. d4 d5 3. Nc3 Bb4 4. Bd3 Qf6 5. e5 Qe7 6. Nf3 Nc6 7. O-O a6 8. a3
Ba5 9. Bg5 f6 10. exf6 gxf6 11. Bf4 Bb6 12. Be3 Bd7 13. Na4 Ba7 14. c4 O-O-O
15. c5 f5 16. Bg5 Nf6 17. Ne5 Qg7 18. Nxc6 Bxc6 19. h4 h6 20. Bf4 Ng4 21. Qe2
Rhg8 22. f3 Qxd4+ 23. Kh1 Qxf4 24. Qxe6+ Bd7 25. Nb6+ Bxb6 26. Qe5 Nxe5 27.
cxb6 c6 28. Bxa6 Qxh4+ 29. Kg1 Qd4+ 30. Rf2 bxa6 31. a4 Nd3 32. Rd1 Qxf2+ 33.
Kh1 Qxg2# 0-1

[Event "Kalamazoo December Mini-Swiss.2"]
[Site "Kalamazoo, MI"]
[Date "1999.12.18"]
[Round "1"]
[White "Kotman, Stuart"]
[Black "Grovenburgh, Norm"]
[Result "1-0"]
[WhiteElo "1364"]
[BlackElo "939"]
[PlyCount "115"]
[EventDate "1999.12.18"]

1. Nf3 d5 2. g3 d4 3. Bg2 Qd5 4. O-O e5 5. c3 e4 6. Nxd4 Bc5 7. Qb3 Nf6 8. Qxd5
Nxd5 9. Bxe4 Nf6 10. Bg2 c6 11. Nb3 Bd6 12. d4 Be6 13. e4 Be7 14. h3 h5 15. Bg5
Nfd7 16. Bxe7 Kxe7 17. N1d2 g5 18. Rfe1 g4 19. h4 Nb6 20. d5 Bd7 21. a4 a5 22.
Nc5 Bc8 23. Nd3 Rd8 24. Nf4 Rd6 25. e5 Rh6 26. b3 Na6 27. dxc6 bxc6 28. Ne4 Be6
29. Nd6 Nb8 30. Nxe6 Rxe6 31. Rad1 N8d7 32. Nf5+ Kf8 33. Rd6 Ra7 34. Rxe6 fxe6
35. Nd6 Nc5 36. Be4 Nxb3 37. Rb1 Nd7 38. Rxb3 Nxe5 39. Rb8+ Ke7 40. Nc8+ Kd7
41. Nxa7 Kc7 42. Rh8 Kb7 43. Nxc6 Nxc6 44. Bxc6+ Kxc6 45. Rxh5 Kd6 46. Rxa5 e5
47. h5 Ke6 48. h6 Kf6 49. h7 Kg7 50. Rxe5 Kxh7 51. a5 Kg6 52. a6 Kf6 53. Rb5
Ke6 54. a7 Kd6 55. a8=Q Ke6 56. Qa6+ Kd7 57. Rb7+ Kc8 58. Qa8# 1-0

[Event "Kalamazoo December Mini-Swiss.2"]
[Site "Kalamazoo, MI"]
[Date "1999.12.18"]
[Round "2"]
[White "Kotman, Larry"]
[Black "Kotman, Stuart"]
[Result "0-1"]
[WhiteElo "1191"]
[BlackElo "1364"]
[PlyCount "63"]
[EventDate "1999.12.18"]

1. Nf3 c5 2. g3 g6 3. d3 Bg7 4. Bg2 Nc6 5. O-O e6 6. c3 Nge7 7. e4 O-O 8. Re1
d5 9. d4 dxe4 10. Ne5 cxd4 11. Nxc6 Nxc6 12. Bxe4 dxc3 13. Qc2 cxb2 14. Bxb2
Bxb2 15. Qxb2 Qd4 16. Qxd4 Nxd4 17. Nd2 f5 18. Bg2 Nc2 19. Nb3 Nxa1 20. Nxa1
Rd8 21. h4 e5 22. Nc2 e4 23. Kh2 Be6 24. Nb4 a5 25. Nc2 Bxa2 26. g4 Be6 27. f3
Rd2 28. fxe4 Rxc2 29. exf5 Bd5 30. Rg1 Rxg2+ 31. Rxg2 Bxg2 32. Kxg2 0-1

[Event "Michigan Action"]
[Site "Detroit, MI"]
[Date "1999.12.18"]
[Round "6"]
[White "Kimura, James"]
[Black "Mailing, Ian"]
[Result "1/2-1/2"]
[WhiteElo "1811"]
[BlackElo "2115"]
[PlyCount "62"]
[EventDate "1999.12.18"]

1. e4 e6 2. d4 d5 3. exd5 exd5 4. Nf3 Bf5 5. Bd3 Bxd3 6. Qxd3 Nc6 7. O-O Qd7 8.
Re1+ Be7 9. Bf4 Nf6 10. Nc3 O-O 11. Bg5 h6 12. Ne5 Nxe5 13. dxe5 hxg5 14. exf6
Bxf6 15. Nxd5 Qd6 16. Nxf6+ Qxf6 17. c3 Rad8 18. Qe4 Rd2 19. Re2 Rfd8 20. Rae1
g6 21. Kf1 Qd6 22. Rxd2 Qxd2 23. Qe2 Qf4 24. g3 Qd6 25. Qb5 b6 26. Qxg5 a5 27.
h4 Qd3+ 28. Kg1 Kg7 29. Qe5+ Kh7 30. Qf6 Rf8 31. Re8 Kg8 1/2-1/2

[Event "Michigan Action"]
[Site "Detroit, MI"]
[Date "1999.12.18"]
[Round "1"]
[White "Kimura, James"]
[Black "Kimura, Daniel"]
[Result "1-0"]
[WhiteElo "1811"]
[BlackElo "861"]
[PlyCount "65"]
[EventDate "1999.12.18"]

1. e4 e5 2. Nf3 Nc6 3. Bb5 a6 4. Ba4 b5 5. Bb3 Nf6 6. O-O Bb7 7. Re1 Bc5 8. d4
Nxd4 9. Nxd4 Bxd4 10. c3 Bc5 11. Bg5 O-O 12. Bxf6 Qxf6 13. Qd2 Rad8 14. Na3 c6
15. Nc2 d5 16. exd5 cxd5 17. Ne3 d4 18. cxd4 exd4 19. Ng4 Qg6 20. f3 h5 21. Ne5
Qf6 22. Kh1 Rfe8 23. Bxf7+ Kh8 24. Bxe8 Rxe8 25. Nd7 Rxe1+ 26. Rxe1 Qf5 27.
Nxc5 Qxc5 28. Rd1 g5 29. Qxd4+ Qxd4 30. Rxd4 Kg8 31. Rd7 Bc6 32. Rc7 Bd5 33. b3
1-0

[Event "Michigan Action"]
[Site "Detroit, MI"]
[Date "1999.12.18"]
[Round "3"]
[White "Kimura, James"]
[Black "Asbury, Victor"]
[Result "1/2-1/2"]
[WhiteElo "1811"]
[BlackElo "1552"]
[PlyCount "75"]
[EventDate "1999.12.18"]

1. e4 c5 2. Nf3 Nc6 3. d4 cxd4 4. Nxd4 g6 5. c3 Bg7 6. Bc4 Nf6 7. Nxc6 bxc6 8.
e5 Nd5 9. Bxd5 cxd5 10. Qxd5 Ba6 11. Bf4 O-O 12. Nd2 Qb6 13. b3 Bb7 14. Qd4
Qxd4 15. cxd4 Bxg2 16. Rg1 Bh3 17. Rg3 Bf5 18. Nc4 Rac8 19. Rc1 d5 20. exd6
exd6 21. Nxd6 Rxc1+ 22. Bxc1 Bb1 23. a3 Bxd4 24. Nb5 Re8+ 25. Kd2 Bxf2 26. Bb2
Bxg3 27. hxg3 a5 28. Bc3 Rd8+ 29. Kc1 Bd3 30. Nd4 Rd5 31. Kd2 Bb5 32. Ke3 f5
33. Bxa5 Re5+ 34. Kf2 Kf7 35. Bc3 Rc5 36. Nxb5 Rxb5 37. b4 Rd5 38. a4 1/2-1/2

[Event "Michigan Action"]
[Site "Detroit, MI"]
[Date "1999.12.18"]
[Round "2"]
[White "Kimura, Daniel"]
[Black "Williams, Jason"]
[Result "1-0"]
[WhiteElo "861"]
[BlackElo "580"]
[PlyCount "37"]
[EventDate "1999.12.18"]

1. e4 d5 2. exd5 Qxd5 3. Nc3 Qa5 4. d4 Nf6 5. Bd2 Bf5 6. Nf3 e6 7. Bc4 Nc6 8.
a3 O-O-O 9. Nb5 a6 10. Bxa5 axb5 11. Bxb5 Nxa5 12. O-O c6 13. b4 cxb5 14. bxa5
Ne4 15. Qd3 Nd6 16. Qc3+ Kd7 17. Ne5+ Ke8 18. Qc7 Rc8 19. Qd7# 1-0

[Event "Michigan Action"]
[Site "Detroit, MI"]
[Date "1999.12.18"]
[Round "6"]
[White "Kimura, Daniel"]
[Black "Walkenbach, Richard"]
[Result "1-0"]
[WhiteElo "861"]
[BlackElo "795"]
[PlyCount "117"]
[EventDate "1999.12.18"]

1. e4 e5 2. Nf3 f5 3. exf5 d6 4. Bb5+ Bd7 5. Bxd7+ Nxd7 6. O-O Ngf6 7. d3 Nc5
8. Bg5 Be7 9. Nc3 Qd7 10. Nd5 Nxd5 11. Bxe7 Nxe7 12. d4 Ne4 13. dxe5 Nxf5 14.
Re1 d5 15. Nd2 Nxd2 16. Qxd2 O-O-O 17. Qg5 Rhf8 18. g4 Qe6 19. gxf5 Qxf5 20.
Qxf5+ Rxf5 21. e6 Re8 22. Rad1 c6 23. Kg2 Rf6 24. c4 dxc4 25. e7 Rf7 26. Rd2
Rexe7 27. Red1 Re8 28. Rd4 b5 29. Rc1 g5 30. b3 c5 31. Rd5 Ref8 32. Rxc5+ Kb7
33. Rxb5+ Ka6 34. Rxg5 Rxf2+ 35. Kh3 R8f3+ 36. Rg3 Rxg3+ 37. Kxg3 Rxa2 38. bxc4
h5 39. c5 Re2 40. h3 Re8 41. Kh4 Rc8 42. Kxh5 Kb5 43. Kg6 Rxc5 44. Rxc5+ Kxc5
45. h4 a5 46. h5 a4 47. h6 a3 48. h7 a2 49. h8=Q Kb4 50. Qb2+ Kc5 51. Qxa2 Kd6
52. Qa5 Ke6 53. Kg5 Ke7 54. Qa6 Kd7 55. Kf5 Ke7 56. Qe6+ Kf8 57. Qd7 Kg8 58.
Kg6 Kh8 59. Qg7# 1-0

[Event "Michigan Action"]
[Site "Detroit, MI"]
[Date "1999.12.18"]
[Round "4"]
[White "Kimura, Daniel"]
[Black "McKinzie, Maurice"]
[Result "1-0"]
[WhiteElo "861"]
[BlackElo "606"]
[PlyCount "53"]
[EventDate "1999.12.18"]

1. e4 Nc6 2. Nf3 Nf6 3. Nc3 e5 4. Bb5 Nd4 5. d3 Bb4 6. Bc4 d5 7. exd5 Nxd5 8.
O-O Nxc3 9. bxc3 Bxc3 10. Rb1 Nxf3+ 11. Qxf3 O-O 12. Rb3 Ba5 13. Qg3 g6 14.
Qxe5 Re8 15. Qxa5 b6 16. Qc3 Bb7 17. Bh6 Re5 18. Qxe5 Qf8 19. Bxf8 Rxf8 20.
Qxc7 Bc8 21. Re1 Kg7 22. Re7 Be6 23. Bxe6 Kh6 24. Qf4+ g5 25. Qf6+ Kh5 26. g4+
Kh4 27. Qh6# 1-0

[Event "Kalamazoo December Mini-Swiss.2"]
[Site "Kalamazoo, MI"]
[Date "1999.12.18"]
[Round "3"]
[White "Kilburn, Gregory"]
[Black "Kotman, Larry"]
[Result "1-0"]
[WhiteElo "1157"]
[BlackElo "1191"]
[PlyCount "83"]
[EventDate "1999.12.18"]

1. e4 Nc6 2. Nf3 d6 3. d4 e5 4. c3 Nf6 5. Bd3 g6 6. O-O Bg7 7. h3 O-O 8. Bg5 h6
9. Bh4 b6 10. Bg3 Re8 11. d5 Ne7 12. c4 Bd7 13. b3 a6 14. Nbd2 Nh5 15. Bh2 g5
16. Nxg5 hxg5 17. Qxh5 Ng6 18. g3 c6 19. f4 gxf4 20. gxf4 Nxf4 21. Bxf4 Re7 22.
Bh6 f6 23. Kh2 Qf8 24. Rg1 Be8 25. Qh4 c5 26. Raf1 Rf7 27. Bxg7 Rxg7 28. Rxg7+
Qxg7 29. Rg1 Bg6 30. Be2 Kf7 31. Bh5 Rh8 32. Bxg6+ Kf8 33. Bh5 Qh6 34. Nf1 Ke7
35. Ng3 Qf4 36. Qxf4 exf4 37. Nf5+ Kf8 38. Bg4 Rg8 39. Nxd6 Rg5 40. Nf5 f3 41.
Bxf3 Rxg1 42. Kxg1 1-0

[Event "Kalamazoo December Mini-Swiss.2"]
[Site "Kalamazoo, MI"]
[Date "1999.12.18"]
[Round "1"]
[White "Kilburn, Gregory"]
[Black "Jensen, Robert"]
[Result "0-1"]
[WhiteElo "1157"]
[BlackElo "1386"]
[PlyCount "73"]
[EventDate "1999.12.18"]

1. d4 d5 2. Nf3 Nf6 3. c4 dxc4 4. Nc3 e6 5. a3 Nbd7 6. Qa4 Be7 7. Qxc4 Nb6 8.
Qd3 c5 9. e3 cxd4 10. Nxd4 O-O 11. b4 Bd7 12. Bb2 Rc8 13. Rc1 Nc4 14. Qb1 Nxb2
15. Qxb2 Qc7 16. Nce2 Qe5 17. Rxc8 Rxc8 18. Ng3 Qc7 19. Be2 Qc3+ 20. Qxc3 Rxc3
21. O-O Rxa3 22. b5 Rc3 23. Bf3 b6 24. Nc6 Bxc6 25. bxc6 a5 26. Rb1 Bc5 27. e4
e5 28. Nf5 Bf8 29. Ne3 Rxc6 30. g3 a4 31. Nd5 Nxd5 32. exd5 Rd6 33. Rb4 a3 34.
Ra4 Rd8 35. Ra6 b5 36. Kf1 b4 37. Ke1 0-1

[Event "Kalamazoo December Mini-Swiss.3"]
[Site "Kalamazoo, MI"]
[Date "1999.12.18"]
[Round "1"]
[White "Kaminsky, Gary"]
[Black "Culver, Daniel"]
[Result "0-1"]
[WhiteElo "1024"]
[BlackElo "993"]
[PlyCount "54"]
[EventDate "1999.12.18"]

1. e4 c5 2. Nf3 d6 3. d4 cxd4 4. Nxd4 Nf6 5. Nc3 g6 6. Bg5 Bg7 7. Bc4 O-O 8. f4
Nxe4 9. Nxe4 d5 10. Ne6 fxe6 11. Nc5 Qa5+ 12. c3 Qxc5 13. Qd3 dxc4 14. Qd2 Nd7
15. O-O-O b5 16. h4 Nf6 17. Bxf6 Bxf6 18. h5 gxh5 19. Qe2 h4 20. Qg4+ Kh8 21.
Qf3 Ba6 22. g3 Rab8 23. gxh4 b4 24. cxb4 Bxb2+ 25. Kxb2 Qxb4+ 26. Qb3 cxb3 27.
Kc1 bxa2 0-1

[Event "Michigan Action"]
[Site "Detroit, MI"]
[Date "1999.12.18"]
[Round "3"]
[White "Jointer, William"]
[Black "Mailing, Ian"]
[Result "0-1"]
[WhiteElo "1600"]
[BlackElo "2115"]
[PlyCount "60"]
[EventDate "1999.12.18"]

1. d4 d5 2. e4 dxe4 3. Nc3 Nf6 4. f3 exf3 5. Qxf3 e6 6. Bf4 Bd6 7. O-O-O O-O 8.
Bd3 Nc6 9. Nge2 Nb4 10. Bc4 Bd7 11. a3 Bc6 12. Qg3 Nbd5 13. Bxd6 cxd6 14. Bd3
Rc8 15. Rhf1 a6 16. Qh3 h6 17. Nxd5 Bxd5 18. g4 Ne4 19. Bxe4 Bxe4 20. c3 b5 21.
Rf4 Bh7 22. Qe3 a5 23. b3 b4 24. axb4 axb4 25. Qd2 Qa5 26. Qb2 bxc3 27. Nxc3
Rxc3+ 28. Kd2 Rxb3+ 29. Ke2 Rxb2+ 30. Kf3 Qc3+ 0-1

[Event "Michigan Action"]
[Site "Detroit, MI"]
[Date "1999.12.18"]
[Round "5"]
[White "Jointer, William"]
[Black "Hooker, Larry"]
[Result "0-1"]
[WhiteElo "1600"]
[BlackElo "1409"]
[PlyCount "26"]
[EventDate "1999.12.18"]

1. e4 e5 2. f4 exf4 3. Nf3 d5 4. exd5 Nf6 5. d4 Nxd5 6. c4 Bb4+ 7. Nbd2 Ne3 8.
Qa4+ Nc6 9. d5 O-O 10. dxc6 bxc6 11. Kf2 Ng4+ 12. Kg1 Bc5+ 13. Nd4 Qxd4# 0-1

[Event "Michigan Action"]
[Site "Detroit, MI"]
[Date "1999.12.18"]
[Round "2"]
[White "Johnson, Christopher"]
[Black "Wheeler, Wardell"]
[Result "1-0"]
[WhiteElo "830"]
[BlackElo "681"]
[PlyCount "84"]
[EventDate "1999.12.18"]

1. e4 Nc6 2. Bc4 Nf6 3. Nc3 e6 4. f4 d5 5. exd5 exd5 6. Bb5 Ne4 7. Nge2 Bg4 8.
h3 Bxe2 9. Qxe2 Be7 10. Bxc6+ bxc6 11. Nxe4 dxe4 12. Qxe4 Qd5 13. d3 f5 14.
Qxd5 cxd5 15. O-O Bc5+ 16. Kh1 h6 17. Re1+ Kf7 18. Be3 Bxe3 19. Rxe3 Rae8 20.
Rae1 Rxe3 21. Rxe3 Re8 22. Re5 Rxe5 23. fxe5 Ke6 24. d4 g5 25. Kh2 h5 26. g3 h4
27. gxh4 gxh4 28. Kg2 f4 29. Kf3 Kf5 30. e6 Kxe6 31. Kxf4 Kd6 32. Kg4 Ke6 33.
Kxh4 Kf5 34. Kh5 Ke4 35. Kg4 Kxd4 36. h4 Ke4 37. h5 d4 38. h6 Ke3 39. h7 Kd2
40. c3 dxc3 41. bxc3 Kxc3 42. h8=Q+ Kb4 1-0

[Event "Michigan Action"]
[Site "Detroit, MI"]
[Date "1999.12.18"]
[Round "3"]
[White "Johnson, Christopher"]
[Black "Mailing, Don"]
[Result "1-0"]
[WhiteElo "830"]
[BlackElo "1295"]
[PlyCount "77"]
[EventDate "1999.12.18"]

1. e4 e6 2. f4 Nc6 3. Nf3 Bc5 4. Bc4 d5 5. Bb5 dxe4 6. Ne5 Bd7 7. Bxc6 Bxc6 8.
Nxc6 bxc6 9. Nc3 Nf6 10. d3 Qd4 11. Rf1 O-O 12. Qe2 Rab8 13. dxe4 Bb4 14. Bd2
Ba5 15. O-O-O Qb4 16. b3 Qa3+ 17. Kb1 Rfd8 18. Bc1 Qb4 19. Na4 Qxa4 20. Rxd8+
Rxd8 21. bxa4 Rb8+ 22. Bb2 Bc3 23. Rd1 Rxb2+ 24. Kc1 h6 25. Qc4 Rb8 26. Qxc3
Nxe4 27. Qe3 Nd6 28. Qxa7 Rb7 29. Qa8+ Kh7 30. Rxd6 cxd6 31. Qxb7 c5 32. Qxf7
d5 33. a5 d4 34. a6 c4 35. a7 h5 36. a8=Q d3 37. Qag8+ Kh6 38. Qxe6+ g6 39.
Qgxg6# 1-0

[Event "Kalamazoo December Mini-Swiss.2"]
[Site "Kalamazoo, MI"]
[Date "1999.12.18"]
[Round "2"]
[White "Jensen, Robert"]
[Black "Griffin, John"]
[Result "0-1"]
[WhiteElo "1386"]
[BlackElo "1500"]
[PlyCount "91"]
[EventDate "1999.12.18"]

1. e4 c5 2. Nf3 Nc6 3. d4 cxd4 4. Nxd4 Nf6 5. Nc3 e5 6. Ndb5 d6 7. Bg5 a6 8.
Bxf6 gxf6 9. Na3 b5 10. Nd5 Bg7 11. c3 O-O 12. Nc2 f5 13. Qd3 f4 14. Rd1 Ra7
15. Ndb4 Nxb4 16. Nxb4 Rd7 17. Be2 Qb6 18. Nd5 Qb8 19. g3 Kh8 20. gxf4 exf4 21.
Rg1 Bb7 22. Nxf4 Be5 23. Nh5 Rg8 24. Kd2 Qf8 25. f4 Qh6 26. Rxg8+ Kxg8 27. Rg1+
Kf8 28. Qg3 Bxe4 29. Ke1 Bf6 30. Qg8+ Ke7 31. Nxf6 Qh4+ 32. Rg3 Qxf6 33. Qg5 d5
34. Re3 Qxg5 35. fxg5 f5 36. gxf6+ Kxf6 37. Bd3 Ke5 38. Bxe4 dxe4 39. Ke2 Rg7
40. Rg3 Rg6 41. Ke3 Rh6 42. Rg4 Rh3+ 43. Rg3 Rxh2 44. Rg5+ Kf6 45. Rc5 h5 46.
Kxe4 0-1

[Event "Michigan Action"]
[Site "Detroit, MI"]
[Date "1999.12.18"]
[Round "1"]
[White "Jarrett, Thomas"]
[Black "Mailing, Ian"]
[Result "0-1"]
[WhiteElo "953"]
[BlackElo "2115"]
[PlyCount "48"]
[EventDate "1999.12.18"]

1. d4 Nf6 2. c4 e5 3. Nc3 exd4 4. Qxd4 Nc6 5. Qd1 Bc5 6. e4 h6 7. Be2 O-O 8.
Bf4 Re8 9. Bf3 Bb4 10. Nge2 Nxe4 11. Bxe4 Rxe4 12. O-O Bxc3 13. bxc3 d6 14. Qd3
Bf5 15. Qg3 Rxe2 16. Bxh6 Qf6 17. Bg5 Qe6 18. c5 Re8 19. f3 dxc5 20. Qxc7 c4
21. Qxb7 Qg6 22. Rf2 Qxg5 23. Rxe2 Rxe2 24. Qxc6 Qxg2# 0-1

[Event "Michigan Action"]
[Site "Detroit, MI"]
[Date "1999.12.18"]
[Round "5"]
[White "Jarrett, Thomas"]
[Black "Hershberger, Kent"]
[Result "0-1"]
[WhiteElo "953"]
[BlackElo "982"]
[PlyCount "64"]
[EventDate "1999.12.18"]

1. e4 e5 2. Nf3 d6 3. Bc4 Be7 4. d3 h6 5. Nc3 Nf6 6. O-O c5 7. Bd2 Nc6 8. Bb5
a6 9. Bxc6+ bxc6 10. a3 O-O 11. b4 cxb4 12. axb4 d5 13. Nxe5 Bd6 14. Nxc6 Qc7
15. e5 Bxe5 16. Nxe5 Qxe5 17. g3 Bg4 18. Bf4 Qxc3 19. Qd2 Qc6 20. Ra5 d4 21.
Rc5 Qb7 22. Rc7 Qf3 23. Qd1 Qxd1 24. Rxd1 Bxd1 25. Rc6 Bf3 26. Rc5 Rfe8 27. Kf1
Ng4 28. Ra5 Nxh2+ 29. Kg1 Ng4 30. Kf1 Nh2+ 31. Kg1 Re1+ 32. Kxh2 Rh1# 0-1

[Event "Michigan Women's"]
[Site "Detroit, MI"]
[Date "1999.12.18"]
[Round "4"]
[White "Jackson, Katrina"]
[Black "Yancey, Seleana"]
[Result "1/2-1/2"]
[WhiteElo "1285"]
[BlackElo "874"]
[PlyCount "116"]
[EventDate "1999.12.18"]

1. d4 d5 2. c4 c5 3. e3 Nc6 4. Nc3 e6 5. Nf3 Bd6 6. Be2 Nf6 7. O-O Ne4 8. cxd5
exd5 9. Nxd5 Be7 10. Nf4 O-O 11. d5 Nb4 12. a3 Na6 13. Bd3 Nf6 14. e4 Bd6 15.
e5 Bxe5 16. Nxe5 Re8 17. Re1 Nc7 18. Bc4 Qd6 19. b3 Rxe5 20. Rxe5 Qxe5 21. Ra2
Nce8 22. Re2 Qd4 23. Qxd4 cxd4 24. Bb2 Bf5 25. Bxd4 Rd8 26. Bxa7 Nc7 27. Bb6
Rd7 28. Bxc7 Rxc7 29. Re5 Bc2 30. f3 g6 31. g4 Bd1 32. Kf2 Rc5 33. a4 Nd7 34.
Re7 Nb6 35. Nd3 Ra5 36. d6 Nxc4 37. d7 Rd5 38. Re8+ Kg7 39. d8=Q Rxd8 40. Rxd8
Bxb3 41. Nc5 b6 42. Nxb3 Kf6 43. Nd4 Ke5 44. Kg3 Kf6 45. h4 h6 46. Rc8 Na5 47.
Rb8 Nc4 48. Rh8 Kg7 49. Rd8 Na5 50. f4 Nb7 51. Rb8 Nc5 52. g5 Ne4+ 53. Kf3 Nd2+
54. Kg2 Ne4 55. Rxb6 Nc5 56. gxh6+ Kxh6 57. h5 Nxa4 58. hxg6 Nxb6 1/2-1/2

[Event "Michigan Women's"]
[Site "Detroit, MI"]
[Date "1999.12.18"]
[Round "2"]
[White "Jackson, Katrina"]
[Black "Moore, Charde"]
[Result "0-1"]
[WhiteElo "1285"]
[BlackElo "887"]
[PlyCount "75"]
[EventDate "1999.12.18"]

1. d4 g6 2. c4 Bg7 3. Nc3 c6 4. Nf3 d5 5. e3 e6 6. Be2 Nf6 7. O-O O-O 8. Bd3
Nbd7 9. e4 dxe4 10. Bxe4 Nxe4 11. Nxe4 Re8 12. Nd6 Re7 13. Ng5 f6 14. Nge4 f5
15. Nc3 Nf6 16. c5 e5 17. d5 Nxd5 18. Nxd5 cxd5 19. Bg5 Be6 20. Bxe7 Qxe7 21.
b4 a6 22. Rc1 e4 23. Re1 Be5 24. f3 Bxd6 25. cxd6 Qxd6 26. a3 Rd8 27. fxe4 fxe4
28. Rc2 Qd7 29. Rd2 Kg7 30. Kf2 Bg4 31. Qa1+ Kf7 32. Qd4 Qf5+ 33. Ke3 Qg5+ 34.
Kf2 Be6 35. Rxe4 dxe4 36. Qxd8 e3+ 37. Ke2 Bc4+ 38. Kd1 0-1

[Event "Michigan Women's"]
[Site "Detroit, MI"]
[Date "1999.12.18"]
[Round "4"]
[White "Ianni, Angela"]
[Black "Skidmore, Jennifer"]
[Result "0-1"]
[WhiteElo "1102"]
[BlackElo "1889"]
[PlyCount "122"]
[EventDate "1999.12.18"]

1. e4 e5 2. Nf3 d6 3. Nc3 c6 4. d4 exd4 5. Nxd4 Be7 6. Bd3 Nf6 7. O-O O-O 8.
Bf4 Nbd7 9. Qd2 Nc5 10. Rfe1 Ng4 11. h3 Ne5 12. Nf5 Bxf5 13. exf5 Bf6 14. Re3
Qd7 15. Bxe5 dxe5 16. b4 Nxd3 17. Qxd3 Qd4 18. Re4 Qxd3 19. cxd3 Rfd8 20. Rd1
Rd6 21. Re3 Rd4 22. a3 a5 23. Re4 axb4 24. axb4 Kf8 25. Rxd4 exd4 26. Ne4 Be7
27. Rb1 Ra3 28. Nc5 Bxc5 29. bxc5 Rxd3 30. Rxb7 Rc3 31. Rb4 Rxc5 32. Rxd4 Rxf5
33. Rc4 c5 34. g4 Rd5 35. Kg2 Ke7 36. Kf3 Kd6 37. Ke4 g6 38. f4 f5+ 39. gxf5
gxf5+ 40. Ke3 Rd1 41. Ke2 Rh1 42. Rc3 Kd5 43. Kd2 Kd4 44. Rd3+ Ke4 45. Re3+
Kxf4 46. Rc3 h5 47. Ke2 Rh2+ 48. Kf1 Ke4 49. Kg1 Ra2 50. Rxc5 Kf4 51. Rc3 Kg5
52. Rf3 Kf6 53. Rc3 Ke5 54. Re3+ Kf4 55. Rc3 Ke4 56. Rb3 f4 57. Rc3 f3 58. Kf1
Kf4 59. Rd3 Kg3 60. Re3 Ra1+ 61. Re1 Rxe1+ 0-1

[Event "Michigan Women's"]
[Site "Detroit, MI"]
[Date "1999.12.18"]
[Round "1"]
[White "Ianni, Angela"]
[Black "Moore, Gemma"]
[Result "1-0"]
[WhiteElo "1102"]
[BlackElo "796"]
[PlyCount "71"]
[EventDate "1999.12.18"]

1. e4 e5 2. Nf3 Nc6 3. Bc4 Bc5 4. c3 Nf6 5. d4 exd4 6. cxd4 Bb4+ 7. Bd2 d5 8.
exd5 Nxd5 9. Bxb4 Ncxb4 10. Bxd5 Qxd5 11. Qa4+ Nc6 12. O-O O-O 13. Nc3 Qh5 14.
d5 Ne5 15. Nxe5 Qxe5 16. Rfe1 Qf5 17. Re8 Bd7 18. Rxf8+ Kxf8 19. Qb4+ Kg8 20.
Qxb7 Re8 21. Qxc7 h6 22. h3 a6 23. Qa7 Bb5 24. Nxb5 axb5 25. Qc5 Rc8 26. Qxb5
Rc2 27. Rf1 h5 28. a4 Rd2 29. Qb8+ Kh7 30. d6 g5 31. b4 g4 32. h4 g3 33. fxg3
Qe4 34. Rxf7+ Kg6 35. Qg8+ Kh6 36. Qg7# 1-0

[Event "Michigan Women's"]
[Site "Detroit, MI"]
[Date "1999.12.18"]
[Round "3"]
[White "Ianni, Angela"]
[Black "Moore, Charde"]
[Result "1-0"]
[WhiteElo "1102"]
[BlackElo "887"]
[PlyCount "55"]
[EventDate "1999.12.18"]

1. e4 e5 2. Nf3 Nc6 3. Bc4 Bc5 4. c3 Nf6 5. d4 exd4 6. cxd4 Nxd4 7. Nxd4 d5 8.
exd5 Nxd5 9. Bxd5 Qxd5 10. Qe2+ Be6 11. Nxe6 fxe6 12. O-O O-O 13. Nc3 Qf5 14.
Be3 Bd6 15. Rad1 Rad8 16. Rd4 c5 17. Rg4 Qf6 18. Bg5 Qg6 19. Bxd8 Qh6 20. h3
Rxd8 21. Rd1 Qf6 22. Ne4 Qf8 23. Nxd6 Qxd6 24. Rxd6 Rxd6 25. Qe5 Rd7 26. Qxe6+
Kf8 27. Rf4+ Rf7 28. Qxf7# 1-0

[Event "Michigan Action"]
[Site "Detroit, MI"]
[Date "1999.12.18"]
[Round "4"]
[White "Horwood, Rob"]
[Black "Gramlich, Allen"]
[Result "0-1"]
[WhiteElo "1096"]
[BlackElo "1509"]
[PlyCount "54"]
[EventDate "1999.12.18"]

1. e4 c5 2. Nf3 Nc6 3. Bc4 d6 4. d3 h6 5. h3 g6 6. O-O Bg7 7. Bd2 Bxb2 8. Bc3
Bxa1 9. Bxa1 Nf6 10. Nc3 Be6 11. Nd5 Rh7 12. Nxf6+ exf6 13. Bxe6 fxe6 14. Nh2
e5 15. Qg4 Ne7 16. Qe6 Qd7 17. Qxf6 O-O-O 18. Qf3 g5 19. c3 Ng6 20. Ng4 Rf7 21.
Qe3 h5 22. Nh6 Rg7 23. Nf5 Rh7 24. Qxg5 Rg8 25. g3 Kc7 26. a4 Ne7 27. Qe3 Nxf5
0-1